<?xml version="1.0" encoding="UTF-8"?>
<marc:record xmlns:marc="http://www.loc.gov/MARC21/slim">
   <marc:leader>00000nam a2200000 a 4500</marc:leader>
   <marc:datafield ind1="1" ind2=" " tag="100">
      <marc:subfield code="a">Danek, Sabine</marc:subfield>
      <marc:subfield code="4">ctb</marc:subfield>
      <marc:subfield code="e">Mitwirkende/-r</marc:subfield>
   </marc:datafield>
   <marc:datafield ind1="1" ind2=" " tag="100">
      <marc:subfield code="a">Bramigk, Nicola</marc:subfield>
      <marc:subfield code="4">ctb</marc:subfield>
      <marc:subfield code="e">Mitwirkende/-r</marc:subfield>
   </marc:datafield>
   <marc:datafield ind1=" " ind2=" " tag="653">
      <marc:subfield code="a">Softcover / Reiseführer/Europa</marc:subfield>
   </marc:datafield>
   <marc:datafield ind1=" " ind2=" " tag="653">
      <marc:subfield code="a">Führer</marc:subfield>
   </marc:datafield>
   <marc:datafield ind1="0" ind2="0" tag="245">
      <marc:subfield code="a">Eine perfekte Woche ... Portugal</marc:subfield>
   </marc:datafield>
   <marc:datafield ind1="0" ind2="0" tag="245">
      <marc:subfield code="c">Smart Travelling. [Texte: Sabine Danek. Fotos: Nicola Bramigk</marc:subfield>
   </marc:datafield>
   <marc:datafield ind1=" " ind2="1" tag="264">
      <marc:subfield code="a">München</marc:subfield>
      <marc:subfield code="b">Süddt. Zeitung</marc:subfield>
      <marc:subfield code="c">2015</marc:subfield>
   </marc:datafield>
   <marc:datafield ind1="1" ind2=" " tag="490">
      <marc:subfield code="a">Eine perfekte Woche ...</marc:subfield>
   </marc:datafield>
   <marc:datafield ind1=" " ind2=" " tag="250">
      <marc:subfield code="a">1. Aufl.</marc:subfield>
   </marc:datafield>
   <marc:datafield ind1="1" ind2=" " tag="520">
      <marc:subfield code="a">Angaben aus der Verlagsmeldung

Eine perfekte Woche ... Portugal

Im äußersten Südwesten Europas gelegen, wird Portugals Küste vom Atlantik umtobt, bietet kilometerlange Sandstrände und ist ein Surferparadies, das es mit den Hot-Spots
der Welt durchaus aufnehmen kann. Geprägt vom saudade, dem großen, melancholischen Sehnsuchtsgefühl der Portugiesen, das eng mit der Vergangenheit verknüpft ist,
richtet man den Blick heute immer mehr nach vorne und verbindet alt und neu. In ambitionierten Projekten wird die alte Keramikkunst mit neuem Design versehen, längst
haben junge Köche sich der traditionellen Küche angenommen, der Fado hat visionäre Erben bekommen und die Kreativszene lebt. Das Neue pulsiert vor allem in den beiden
großen Städten des Landes. In der spektakulär schönen Hauptstadt Lissabon, an der großen Flussmündung des Tejo gelegen, und in der nördlichen, reichen Barockstadt Porto. Dazwischen reihen sich lauschige Fischerorte aneinander, wölben sich Weinberge und liegen üppig bewachsene Täler. Portugal erfindet sich neu – und es gibt viel zu entdecken.
</marc:subfield>
   </marc:datafield>
   <marc:datafield ind1=" " ind2=" " tag="020">
      <marc:subfield code="a">9783864972928</marc:subfield>
      <marc:subfield code="9">9783864972928</marc:subfield>
   </marc:datafield>
   <marc:datafield ind1=" " ind2=" " tag="041">
      <marc:subfield code="a">ger</marc:subfield>
   </marc:datafield>
   <marc:datafield ind1=" " ind2=" " tag="300">
      <marc:subfield code="a">235 S.</marc:subfield>
   </marc:datafield>
</marc:record>
